Forgotten Transfers - Statistics

General Stats
  • This quiz has been taken 295 times
  • The average score is 12 of 15
Answer Stats
Year Player From To Fee % Correct
2003 Cristiano Ronaldo Sporting Lisbon Manchester United £17.10m
95%
2014 Cesc Fàbregas Barcelona Chelsea £29.70m
93%
2013 Neymar Santos Barcelona £79.20m
93%
2012 Luka Modrić Tottenham Hotspur Real Madrid £31.50m
92%
2011 Luis Suárez Ajax Liverpool £23.85m
87%
2017 Dimitri Payet West Ham United Marseille £26.37m
87%
2019 Gianluigi Buffon Paris Saint-Germain Juventus Free
85%
2020 Erling Haaland RB Salzburg Borussia Dortmund £18.00m
84%
2009 Arjen Robben Real Madrid Bayern Munich £22.50m
83%
2017 Bernardo Silva Monaco Manchester City £45.00m
82%
2019 João Cancelo Juventus Manchester City £58.50m
80%
2015 Casemiro Porto Real Madrid £6.75m
68%
2000 Lionel Messi Newell Old Boys Barcelona Free
66%
2007 Franck Ribéry Marseille Bayern Munich £27.00m
65%
2013 Fernandinho Shakhtar Donetsk Manchester City £36.00m
47%
No matching quizzes found
Score Distribution
Percent of People with Each Score
Percentile by Number Answered
Your Score History
You have not taken this quiz